Jon Golan

Georgia A


Categories

Science - Biology04024087120.7504
Science - Chemistry1210305792.6713
Chemistry>020120102111.5001
Science - Physics020020102116.0012
Philosophy010010123123.0001
Beliefs0100109090.0011
History - World History010110140140.0001
Other Arts: Visual0100109797.0001
Other Science: Earth Science010010143143.0000
Social Science0100107575.0011
Other Science: Math01105117117.0000
Other Science: Astronomy0010-50.0000

Buzzes

Science - Chemistryhydrophobicity-544
Science - Chemistrychirality1557
Social Sciencelies1075
Science - Biologyfluorescence1087
Beliefschakras1090
Other Arts: VisualPrincess Mononoke1097
Science - Physicsmass10102
Chemistry>column chromatography10102
Science - Chemistryphosphorus10106
Science - Chemistryelimination0107